Emocionálna a sociálna inteligencia manažérov a výkonných pracovníkov

Pojem emocionálna inteligencia a sociálna inteligencia. Škála sociálnej inteligencie. Súvislosti medzi sociálnou a emocionálnou inteligenciou.

Uložené v:
Podrobná bibliografia
Hlavný autor: Birknerová, Zuzana
Ďalší autori: Kentoš, Michal
Médium: Kapitola
Jazyk:Slovak
Predmet:
Tagy: Pridať tag
Žiadne tagy, Buďte prvý, kto otaguje tento záznam!

MARC

LEADER 00000naa a2200000 4500
001 0146540
005 20231204093033.8
041 0 |a slo 
044 |a SK 
245 1 0 |a Emocionálna a sociálna inteligencia manažérov a výkonných pracovníkov  |c Zuzana Birknerová, Michal Kentoš 
520 |a Pojem emocionálna inteligencia a sociálna inteligencia. Škála sociálnej inteligencie. Súvislosti medzi sociálnou a emocionálnou inteligenciou. 
610 2 0 |a inteligencia emocionálna 
610 2 0 |a výkonnosť 
610 2 0 |a manažéri 
610 2 0 |a inteligencia sociálna 
100 1 |a Birknerová, Zuzana 
700 1 |a Kentoš, Michal